| 000 | 00787nam a2200217Ia 4500 | ||
|---|---|---|---|
| 003 | GCL | ||
| 008 | 140319s9999 xx 000 0 ara d | ||
| 040 |
_aGCL / _cGCL |
||
| 082 | 0 | 4 |
_a344.046 _bع ق |
| 245 | 1 | 0 | _aقانون البيئة رقم 4 لسنة 1994 ولائحتة التنفيذية المعدل بالقانون رقم 95 لسنة 2003 |
| 250 | _aالاولى | ||
| 260 |
_aالقاهرة : _bعبد الفتاح مراد |
||
| 300 |
_a224 سم ؛ _c20 سم |
||
| 650 | 0 | 4 | _aتلوث البيئة |
| 650 | 0 | 4 | _aحماية البيئة |
| 650 | 0 | 4 | _aالسياسة البيئية |
| 650 | 0 | 4 | _aالتلوث - اجهزة التحكم |
| 650 | 0 | 4 | _aالبيئة - قوانين وتشريعات |
| 650 | 0 | 4 | _aالبيئة - الجوانب الصحية |
| 942 |
_2ddc _cBK |
||
| 999 |
_c6274 _d6274 |
||